000 00602nam a2200217 i 4500
001 C2-0229312
003 PPAK
005 20180728160118.0
008 000927s1961 enka|||| ||||| | may d
040 _aPPAK
_beng
_cPPAK
_erda
082 0 4 _a371.3
_223
090 0 0 _a371.3
_bDUN
_dKSI
100 1 _aDunhill, James,
_eauthor
245 1 0 _aPertolongan mengajar:
_bdasar-dasar pelajaran
264 1 _aLondon :
_bLongmans ,
_c1961
300 _a61 pages :
_billustrations ;
_c18 cm
336 _2rdacontent
_atext
337 _2rdamedia
_aunmediated
338 _2rdacarrier
_avolume
942 _ddc
_cB
999 _c148964
_d148964